Harry Potter - Last Words Quiz - Statistics

General Stats
  • This quiz has been taken 287 times
  • The average score is 11 of 24
Answer Stats
Last Words Character % Correct
"Severus, please....." Albus Dumbledore
88%
"Lily, take harry and go! It's him! Run! I'll hold him off - " James Potter
80%
"Avada Kedavra!" Lord Voldemort
79%
"What will happen to your children when I've killed you?! When mummy's gone the same way as Freddy!?" Bellatrix Lestrange
77%
"Have you seen Remus?" Nymphadora Tonks
76%
"You actually are joking Perce, I don't think I've heard you joke since you were - " Fred Weasley
67%
"Not Harry, please, I'll do anything! Have mercy, please have mercy...." Lily Potter
65%
"Look.....at.....me...." Severus Snape
62%
"Come on, you can do better than that!" Sirius Black
56%
"Master, I cannot hold him! My hands, my hands!" Quirinus Quirrel
55%
"Good luck everyone, I'll see you all in about an hour. One, two, three!" Alastor Moody
54%
"Harry......Potter....." Dobby
48%
"Wands out, do you reckon?" Cedric Diggory
39%
"Severus, please! We are friends...." Charity Burbage
39%
"My master's plan worked. He is returned to power and I will be honored by him beyond the dreams of wizards and witches." Barty Crouch Jr.
38%
"Kill me then, Voldemort. You cannot win. The wand will never be yours!" Gellert Grindelwald
36%
"Molly, why doesn't Ginny stay here? She'll be on the scene and know what's going on, but not in the middle of the fighting." Remus Lupin
31%
"Like it hot, scum?!" Vincent Crabbe
28%
"He'll kill me for losing the the ring..." Morfin Gaunt
27%
"Stand back. Stand away from the door, I am coming in." Peter Pettigrew
19%
"I don't think much of your manners. Turn around and face me like a man, why don't you? Frank Bryce
18%
"I do not know, I never knew! A young man - No, NO! PLEASE!" Mykew Gregorovitch
18%
"I hope he looks like his papa." Merope Gaunt
17%
"A small golden cup, my lord....." Griphook
14%
No matching quizzes found
Score Distribution
Percent of People with Each Score
Percentile by Number Answered
Your Score History
You have not taken this quiz